Čas jsou peníze. V energetice to platí násobně víc
Novely energetickej legislatívy lex OZE II a lex OZE III ako základ transformácie energetiky. Nutnosť zmeny zastaranej energetickej sústavy v ČR. Obnoviteľné zdroje energie.
Salvato in:
| Autore principale: | |
|---|---|
| Natura: | Capitolo di libro |
| Lingua: | ceco |
| Soggetti: | |
| Tags: |
Nessun Tag, puoi essere il primo ad aggiungerne!!
|
MARC
| LEADER | 00000naa a2200000 4500 | ||
|---|---|---|---|
| 001 | 0303122 | ||
| 005 | 20240719101204.3 | ||
| 041 | 0 | |a cze | |
| 044 | |a CZ | ||
| 245 | 1 | 0 | |a Čas jsou peníze. V energetice to platí násobně víc |c Pavel Daniel |
| 520 | |a Novely energetickej legislatívy lex OZE II a lex OZE III ako základ transformácie energetiky. Nutnosť zmeny zastaranej energetickej sústavy v ČR. Obnoviteľné zdroje energie. | ||
| 610 | 2 | 0 | |a energetika |
| 610 | 2 | 0 | |a energia |
| 610 | 2 | 0 | |a zdroje energie obnoviteľné |
| 610 | 2 | 0 | |a distribúcia |
| 610 | 2 | 0 | |a legislatíva |
| 610 | 2 | 0 | |a zákony |
| 610 | 2 | 0 | |a Česko |
| 100 | 1 | |a Daniel, Pavel | |